LEADER 01489nam 2200421 450 001 9910467335403321 005 20200520144314.0 010 $a1-119-29428-2 010 $a1-119-29430-4 035 $a(CKB)4330000000010024 035 $a(MiAaPQ)EBC5633947 035 $a(Au-PeEL)EBL5633947 035 $a(CaPaEBR)ebr11645468 035 $a(OCoLC)1083460743 035 $a(EXLCZ)994330000000010024 100 $a20190129d2019 uy 0 101 0 $aeng 135 $aurcnu|||||||| 181 $ctxt$2rdacontent 182 $cc$2rdamedia 183 $acr$2rdacarrier 200 00$aNeurotoxins and fillers in facial esthetic surgery /$fedited by Bradford M Towne, Pushkar Mehra 210 1$aHoboken, NJ :$cWiley Blackwell,$d2019. 215 $a1 online resource (137 pages) 311 $a1-119-29427-4 320 $aIncludes bibliographical references and index. 327 $aFacial anatomy and patient evaluation -- Neurotoxins : the cosmetic use of botulinum toxin A -- Cosmetic fillers -- Hyaluronic acid dermal fillers -- Radiesse(TM) (calcium hydroxylapatite) injectable filler -- Pearls and pitfalls -- Building your practice. 608 $aElectronic books. 676 $a617.5/2059 702 $aMehra$b Pushkar 702 $aTowne$b Bradford M. 801 0$bMiAaPQ 801 1$bMiAaPQ 801 2$bMiAaPQ 906 $aBOOK 912 $a9910467335403321 996 $aNeurotoxins and fillers in facial esthetic surgery$92122052 997 $aUNINA LEADER 01343nam a2200361 i 4500 001 991003275119707536 008 160912s2011 riua b 001 0 eng d 020 $a9780821868713 035 $ab14307261-39ule_inst 040 $aBibl. Dip.le Aggr. Matematica e Fisica - Sez. Matematica$beng 082 0 $a515.392 084 $aAMS 37B55 084 $aAMS 37C60 084 $aAMS 37C75 084 $aAMS 37D10 084 $aAMS 37H05 084 $aLC QA845.K56 100 1 $aKloeden, Peter E.$021624 245 10$aNonautonomous dynamical systems /$cPeter E. Kloeden, Martin Rasmussen 260 $aProvidence, R. I. :$bAmerican Mathematical Society,$cc2011 300 $aviii, 264 p. :$bill. ;$c26 cm 440 0$aMathematical surveys and monographs ;$v176 504 $aIncludes bibliographical references (p. 253-262) and index 650 0$aDynamics 650 0$aErgodic theory 650 0$aStability 700 1 $aRasmussen, Martin$eauthor$4http://id.loc.gov/vocabulary/relators/aut$0307511 907 $a.b14307261$b02-11-16$c12-09-16 912 $a991003275119707536 945 $aLE013 37B KLO11 (2011)$g1$i2013000293318$lle013$op$pE111.00$q-$rl$s- $t0$u1$v0$w1$x0$y.i15785634$z02-11-16 996 $aNonautonomous dynamical systems$9852474 997 $aUNISALENTO 998 $ale013$b12-09-16$cm$da $e-$feng$griu$h0$i0